Statistiques concernant Culture Générale - Série 1769

Cliquez ici pour prendre le quiz!

Statistiques générales

  • Ce quiz a été pris 201 fois
  • Le résultat moyen est 5 sur 10

Statistiques - réponses

QuestionRéponse% Correct
De quel pays La Valette est-elle la capitale ?Malte
95%
Quel État a pour capitale Ljubljana ?Slovénie
86%
Quel est le nom complet de la chanson de Police de 1979 : « Message in a … »bottle
76%
De quelle capitale européenne Sadiq Khan est-il devenu maire en 2016 ?Londres
76%
Qui est l’auteur de l’opéra-comique « Carmen » ?Georges Bizet
61%
Avec quel groupe Manu Chao chantait-il « Mala Vida » en 1988 ?La mano negra
51%
De quel mouvement littéraire Ronsard et du Bellay font-ils partie ?Pléiade
33%
Qui est le héros des « Liaisons dangereuses » de Pierre Choderlos de Laclos ?Valmont
27%
Quel fleuve de 571 km traverse le Liban, la Syrie et la Turquie ?Oronte
5%
Quel était le prénom de Fahrenheit, inventeur du thermomètre ?Gabriel
3%

Distribution des résultats

Percentile par nombre de réponses

% des personnes avec chaque résultat

Votre développement - résultats

Vous n’avez pas pris ce quiz